[Event "HCL-B3733"]
[Site "www.playchess.de"]
[Date "2006.01.21"]
[Round "1"]
[White "jerrylaine"]
[Black "janaj"]
[WhiteElo "1509"]
[BlackElo "1163"]
[PlyCount "99"]
[Result "1-0"]

1.e4 c5 2.c3 g6 3.d4 {Greetings from Helsinki!}  
cxd4 4.cxd4 Bg7 {Hello from Munich to Helsinki 
:-)}  5.Nc3 a6 6.Nf3 d6 7.Be2 h6 8.O-O e6 9.Re1 
Ne7 10.Be3 O-O 11.Qd2 Kh7 12.Bd3 Nd7 13.a4 Ng8 
14.b4 b6 15.Rac1 Bb7 16.h4 h5 17.Ng5+ Kh8 18.Qe2 
Ndf6 19.Bf4 Ng4 20.e5 dxe5 21.dxe5 Qd4 22.g3 Qxb4 
23.Qd2 Qd4 24.Qe2 Nxf2 25.Qxf2 Qxd3 26.Qxb6 Rab8 
27.Red1 Qc4 28.Nce4 Qxa4 29.Nc5 Qb5 30.Qxb5 axb5 
31.Nd7 Ne7 32.Nxf8 Bxf8 33.Nxf7+ Kg7 34.Nd6 Bf3 
35.Rd3 Bg4 36.Rb3 Be2 37.Re1 Bg4 38.Rxb5 Ra8 
39.Rb7 Kg8 40.Bg5 Nd5 41.Rf1 Bxd6 42.exd6 Bf5 
43.d7 Rf8 44.d8Q Rxd8 45.Bxd8 Ne3 46.Rc1 Nc2 
47.Bg5 e5 48.Bf6 Be4 49.Rg7+ Kf8 
50.Rb1 1-0

[Event "HCL-C4054"]
[Site "www.playchess.de"]
[Date "2006.01.21"]
[Round "13"]
[White "nico21"]
[Black "Idris"]
[WhiteElo "1430"]
[BlackElo "880"]
[PlyCount "59"]
[Result "1-0"]

1.e4 e5 {A happy new year to you.}  2.Nf3 d6 3.d4 
c6 4.dxe5 dxe5 5.Qxd8+ Kxd8 6.Nxe5 Be6 7.Bd3 Bd6 
8.Nc4 Bxc4 9.Bxc4 Ke7 10.O-O Nd7 11.Re1 Ngf6 
12.Nd2 Ne5 13.h3 Rag8 14.Bb3 h5 15.Kf1 g5 16.Nc4 
Nxc4 17.Bxc4 h4 18.e5 Bxe5 19.Rxe5+ Kd6 20.Rxg5 
Rge8 21.Bf4+ Kd7 22.Bxf7 Re7 23.Rd1+ Kc8 24.Bb3 
Re4 25.Be5 Nd5 26.Bxh8 Re8 27.Bxd5 cxd5 28.Bc3 Kd7 
29.Rgxd5+ Kc6 30.R5d8 1-0

[Event "HCL-A2554"]
[Site "www.playchess.de"]
[Date "2006.01.21"]
[Round "33"]
[White "Sobral"]
[Black "GCP"]
[WhiteElo "1701"]
[BlackElo "1404"]
[PlyCount "40"]
[Result "0-1"]

1.d4 Nf6 {hello from Rome, have a good game}  2.c4 
{Hello from Sao Paulo, Brazil. Have a good game, 
too.}  c5 3.d5 b5 4.cxb5 a6 5.bxa6 Bxa6 6.Nc3 d6 
7.Nf3 g6 8.g3 Bg7 9.Bg2 O-O 10.O-O Nbd7 11.Re1 Qb6 
12.e4 Ng4 13.Na4 Qb7 14.Qc2 Nge5 15.Nxe5 Nxe5 
16.Re3 Rfb8 17.Rb3 Qc7 18.Rxb8+ Qxb8 19.Bf1 Bxf1 
20.Kxf1 Qb5+ 0-1

[Event "HCL-M858"]
[Site "www.playchess.de"]
[Date "2006.01.21"]
[Round "2"]
[White "treebeard"]
[Black "AJT"]
[WhiteElo "1644"]
[BlackElo "1948"]
[PlyCount "70"]
[Result "0-1"]

1.d4 {hello and good play}  Nf6 {Hi, gg & gl :)}  
2.c4 e6 3.Nc3 Bb4 4.Nf3 b6 5.g3 Ba6 6.Qa4 c5 7.Bg2 
O-O 8.O-O Bxc3 9.bxc3 Bb7 10.Bg5 d6 11.Rab1 Nbd7 
12.dxc5 Nxc5 13.Qd1 Nce4 14.Qc2 Qc7 15.Rfd1 Ng4 
16.Rdf1 Rac8 17.h3 Ne5 18.Nxe5 Nxg5 19.Nd3 Rfd8 
20.Nb2 f5 21.Rfd1 Be4 22.Bxe4 Nxe4 23.Rd4 Qc6 
24.Rbd1 Qe8 25.Kg2 Qg6 26.Nd3 {Happy new year!}  
Rdf8 {A Great 2006!!}  27.Nf4 Qf7 28.f3 e5 29.fxe4 
exd4 30.cxd4 Rxc4 31.Qb3 fxe4 32.h4 d5 33.Qb1 Qd7 
34.e3 Rc3 35.Re1 Rxf4 0-1

[Event "HCL-C4016"]
[Site "www.playchess.de"]
[Date "2006.01.21"]
[Round "6"]
[White "valpa"]
[Black "Kelthek"]
[WhiteElo "1034"]
[BlackElo "612"]
[PlyCount "46"]
[Result "0-1"]

1.b4 {Welcome to the new game}  e5 2.Bb2 Nf6 
{Thanks and good luck!}  3.b5 Bb4 4.Bxe5 d6 5.Bb2 
Bg4 6.h3 Bh5 7.g4 Ne4 8.Nf3 Bg6 9.Bg2 O-O 10.O-O 
Nd7 11.d3 Nef6 12.a4 d5 13.c4 c5 14.bxc6 bxc6 
15.cxd5 cxd5 16.Ba3 Bc5 17.Bxc5 Nxc5 18.Nc3 Qa5 
19.Nb1 Rab8 20.Ne5 Bxd3 21.Nxd3 Nxg4 22.Nxc5 Qc7 
23.Qxd5 Qh2+ 0-1

[Event "HCL-A2434"]
[Site "www.playchess.de"]
[Date "2006.01.21"]
[Round "33"]
[White "Michael_Lloyd"]
[Black "knightprancer"]
[WhiteElo "1471"]
[BlackElo "1301"]
[PlyCount "85"]
[Result "1-0"]

1.e4 {Greetings (again) from Ottawa and good 
luck!}  e6 {Hi once again ! all the best from 
Kintore Ontario}  2.d4 {Thanks!  Where is 
Kintore?}  d5 {25 minutes north of London .}  
3.exd5 exd5 4.Bd3 {Neat - I was at Western for 
four years but never heard of it.  I've learned 
something new today :)}  Nc6 {Every week I hear of 
a hamlet or small town in south western Ontario 
and say to myself " hmm i've never heard of that 
place before" . Ontario is a big 
province..lol
  Have you ever played a chap on here named Reijo? 
,he is a swell guy ! Reijo from Kanata}  5.Ne2 
{I've been in eastern Ontario for 13 years and am 
still discovering new places around here.  Reijo 
must be a neighbour - I'm in Kanata too.}  Qf6 
{Reijo lives close to Lee Valley main 
headquarters. My wife and I enjoy vacationing in 
the 1000 Island area ,such a beautiful place and 
touring by boat amoung the islands is awesome.}  
6.Bb5 {That would be good.  I'm starting to 
discover the Rideau Canal system.  Another great 
place to explore by boat.}  Nge7 {I hear that is 
very enjoyable to take a boat trip through that 
canal system.Someday we hope to explore that 
aswell .England is known for narrow boating 
through it's many scenic canal systems. A nice way 
to see the countryside.}  7.Bf4 {My mom did a 
barge tour through England last spring.  Great 
fun.}  Bd7 {Do you follow hockey ? The Senators 
are playing terrific hockey ,it could be their 
year to win it !
 Waterways World is a very well done magazine 
published out of England about England's narrow 
boating and waterways.Chapters book store should 
have it.}  8.Bxc6 {I don't follow hockey 
religiously, but would like to see the Senators do 
well in the playoffs.  Corel Centre is visible 
from our back window.}  Qxc6 {The Senators have an 
exciting team and at the moment were leading 5-0 
over Buffalo but the Sabres have scored three 
goals in a row ,hmm qite a game !}  9.Nbc3 {Had a 
good weekend - and I see the Senators are still 
winning.}  O-O-O {Indeed they are ! The fall 
colours must look spectacular in your area !}  
10.O-O {They did  - until yesterday - wind has 
dropped most of the leaves.}  f6 {We had a chilly 
day ,it only reached 6 oC  and for a few moments 
we had some light snow .}  11.a4 {Had a good long 
weekend - but little time for chess...}  g5 12.Bd2 
h5 {All of Ontario and the eastern provinces are 
going to get hit with our first major snow storm . 
Sask. and Man. got blasted with up to 30 cm of 
snow plus high winds yesterday.}  13.b4 {Had some 
light snow on Friday ... and saw Harry Potter.}  
Qc4 {At the moment it has been lightly raining and 
cool .}  14.b5 Nf5 15.Bc1 Bb4 16.Bb2 {Got the 
Christmas lights up at last.}  g4 {Do you have the 
icicle kind or the new led ones? I still like the 
big bulb kind .It's beautiful when they are layed 
on hedges and shrubs and it snows .The soft glow 
of the lights thru the snow.}  17.Qd2 {Still the 
old, clear 7W bulb kind - very nice when there's 
snow on the ground.}  h4 {In my area on Friday the 
weather is supposed to be nasty.Bands of snow 
squalls through out the day.}  18.g3 hxg3 19.fxg3 
{Feels like real winter now (-10)}  Rde8 {I hear 
you ! same here ..Brrrr}  20.Rf4 Bxc3 21.Nxc3 Rh3 
22.Raf1 {The Christmas season is in full swing.  
And got out for our first ski on Sunday.  
Hopefully more time for chess next week.}  Qb4 {No 
shortage of snow this year ! Do you go skiing in 
Quebec ?}  23.Bc1 {Yes we do - places like Mont 
Ste. Marie and Mont Cascades.  Very easy to get to 
fom Ottawa.}  Reh8 {There is so much in the way of 
winter activities in the Ottawa area,tourism must 
be a boom for Ottawa!}  24.Nxd5 {That's right, and 
Winterlude is just around the corner ...}  Qxd2 
{hmm sounds like fun ,what is Winterlude ?}  
25.Bxd2 {It's our winter festival.  The Rideau 
Canal is open for skating, lots of ice sculptures 
and outdoor entertainment.}  R3xh2 {oh neat !}  
26.Nxf6 {takes place in February}  R2h1+ {is their 
an ice slide ?}  27.Kf2 {They have a snow park 
with slides on the Gatineau side - but not on the 
same scale as Quebec City.}  R8h2+ {This is a 
tricky position,hmm}  28.Ke1 {Lots of action ...}  
Nxg3 {Alot of calculations for the correct move 
sequence..}  29.Rxh1 {Hope you had a merry 
christmas ...}  Rxh1+ {I sure did ! Ate plenty too 
!}  30.Kf2 Rh2+ 31.Kxg3 Rh3+ 32.Kg2 Ra3 33.Nxd7 
Kxd7 34.Rxg4 Rxa4 35.Rg7+ Kc8 36.Be3 Rc4 37.Bf4 
Rxc2+ 38.Kf3 Rb2 39.Rxc7+ Kd8 40.Rxb7 a5 41.bxa6 
Ra2 42.a7 Ra3+ 43.Ke4 1-0

[Event "HCL-A2540"]
[Site "www.playchess.de"]
[Date "2006.01.21"]
[Round "3"]
[White "tiit145"]
[Black "sparpaket"]
[WhiteElo "1475"]
[BlackElo "1535"]
[PlyCount "24"]
[Result "0-1"]

1.e4 {Hello!}  e6 {Hi}  2.h4 d5 3.exd5 exd5 4.Nc3 
d4 5.Ne4 {Happy New Year! Tiit}  Nf6 6.Nxf6+ 
{Hello!Happy New Year! Tiit}  Qxf6 {And to you!}  
7.Bc4 Nc6 8.Qf3 Be7 9.Kf1 O-O 10.d3 Ne5 11.Qxf6 
Bxf6 12.Bd5 c6 0-1

[Event "HCL-T258"]
[Site "www.playchess.de"]
[Date "2006.01.21"]
[Round "2"]
[White "Sixty4"]
[Black "knightprancer"]
[WhiteElo "1719"]
[BlackElo "1284"]
[PlyCount "43"]
[Result "1-0"]

1.b4 e5 {It's a pleasure to meet you ,all the best 
in the tournament !}  2.Bb2 {I wish you good luck 
- and a lot of fun!}  e4 {Thanks}  3.c4 
{Interesting continuation. Never had that move 
before.}  Nf6 {lol, first for me aswell ,were in 
uncharted waters ! Happy New Years Sixty4}  4.a3 
{There have been 2-3 games with this variant 
played at PlayChess. You can check the Variant 
Explorer (link below). To me, 2.e4 appears to be 
perfectly playable.}  Be7 {Cool !,I never knew you 
could go from your own game to Varient 
Exployer.Hmm intresting feature.}  5.Nc3 {Yes, I 
like that feature myself. ;-) But obviously, I 
should document and publish that...}  O-O { You've 
done a great job with PlayChess ! I always look 
forward to renewing my membership. So far this 
game has avoided the typical skirmishes along the 
a and b files.}  6.d3 {Thank you! This game might 
be a little bit unusual, but in one sense it is a 
typical Sokolsky: strategical and tactical 
problems for both sides from the beginning. I love 
that!}  exd3 {Is the Sokolsky opening much used in 
Master play?}  7.Qxd3 {No, I don't think so. But I 
am not an expert. I think 1.b4 is under-rated by 
the Grandmasters, but this is just my (very) 
humble opinion...}  c6 {I was on Ebay and someone 
is selling a chess book called Sokolsky opening 
Birmingham Gambit . Hmm Have you heard of that ? I 
haven't ,nor can I find any reference to it in my 
Modern Chess Opening book .}  8.Nf3 {No, never 
heard about that book. I have a very thin booklet 
from Sokolsky, called something like "the opening 
1.b4". This one is GREAT.}  d5 {The Sokolsky 
Birmingham opening is 
1. b4   c5}  9.g3 {Sokolsky does not even mention 
1...c5. I had this reply in 1 or 2 Blitz games. I 
don't think that 1...c5 is really good, because it 
gives White the advantage in the center after 
2.bxc5 - or am I wrong?}  dxc4 {The general rule 
is to play to control the center so yes it does 
seem rather awkward for black to play c5 .}  
10.Qxc4 Be6 11.Qf4 {You're quite ahead in 
development. I'm not sure if my plan is correct - 
let's see...}  h6 12.Rd1 Qb6 13.Bg2 Ng4 14.O-O Na6 
15.Ne4 Rad8 16.h3 Rxd1 17.Rxd1 Nxf2 18.Nxf2 {Did I 
oversee something? Or you?}  c5 {you did ,mate in 
3 forced...... kidding ! I didnot like my knight 
going to f6  because of losing my pawn on h6 after 
Ne4 xNf6 , Bxf6 Bxf6 ,gxf6 qxh6 and my position is 
grim from there on.}  19.Ne4 {This move is 
outright crazy, I know. But can you refute it? 
Anyway, this will be interesting... :-)}  cxb4+ 
{I'll give it my best go !}  20.Bd4 Bc5 21.Nxc5 
Qb5 22.Qe5 1-0

[Event "ACL-B026"]
[Site "www.playchess.de"]
[Date "2006.01.21"]
[Round "20"]
[White "hal1958"]
[Black "Idris"]
[WhiteElo "1381"]
[BlackElo "871"]
[PlyCount "73"]
[Result "1-0"]

1.b4 {welcome to our 15th game}  a5 {Thanks. That 
many? maybe I'll get close this time.}  2.b5 b6 
3.c4 c5 4.e3 a4 5.a3 d5 6.Nf3 dxc4 7.Bxc4 e6 8.O-O 
Bd6 9.Bb2 f6 10.Nc3 Ne7 11.Nxa4 Bb7 12.Nc3 Nf5 
13.Bxe6 Qc7 14.Nd5 Qd8 15.e4 Ne7 16.Nxe7 Bxe7 
17.d3 Qd6 18.Bc4 Bd8 19.g3 Bc7 20.Nh4 Nd7 21.Nf5 
Qf8 22.Qg4 Be5 23.Bxe5 fxe5 24.Qxg7 Qxg7 25.Nxg7+ 
Ke7 26.Nf5+ Kf6 27.f4 exf4 28.Rxf4 Kg5 29.Nd6 Nf6 
30.Nxb7 Ng4 31.Rf5+ Kg6 32.Nd6 Ne3 33.Rf3 Nc2 
34.Ra2 Nd4 35.Rff2 Kg5 36.Bd5 Ra5 
37.Nf7+ 1-0

[Event "HCL-B3760"]
[Site "www.playchess.de"]
[Date "2006.01.21"]
[Round "4"]
[White "GCP"]
[Black "knightprancer"]
[WhiteElo "1474"]
[BlackElo "1284"]
[PlyCount "101"]
[Result "1-0"]

1.e4 {hello, have a nice game}  e6 {thank-you all 
the best ! ( handshake )}  2.d4 d5 3.Nc3 c5 4.exd5 
exd5 5.dxc5 d4 6.Bb5+ Nc6 7.Bxc6+ bxc6 8.Nce2 Bxc5 
9.Nf3 Nf6 10.Bg5 Bg4 11.Nfxd4 Bxd4 {Merry 
Christmas GCP !}  12.Qxd4 {the same for you and 
your family}  Bxe2 13.Qxd8+ Rxd8 14.Bxf6 gxf6 
15.Kxe2 Rg8 16.g3 Rg5 17.f4 Rc5 18.c3 Rb8 19.Rab1 
a5 20.a3 a4 21.Rhd1 Rcb5 22.Rd2 Kf8 {(offering 
draw)}  23.Kd3 c5 24.Kc2 Kg7 25.c4 R5b7 26.Rd6 Rc8 
27.b3 axb3+ 28.Rxb3 Rxb3 29.Kxb3 Rb8+ 30.Kc3 Ra8 
31.Kb2 Rb8+ 32.Ka2 Ra8 33.Rb6 Ra5 34.Rb5 Ra6 
35.Rxc5 Re6 36.Rb5 Kf8 37.a4 Re2+ 38.Rb2 Re4 
39.Kb3 h6 40.Kb4 Ke8 41.Kb5 Kd7 42.c5 Kc7 43.a5 
Kb8 44.Kb6 Re6+ 45.c6 Ka8 46.Rd2 Re8 47.Rd7 h5 
48.c7 Re6+ 49.Kb5 Kb7 50.Rxf7 Rc6 
51.c8Q+ 1-0

[Event "HCL-M858"]
[Site "www.playchess.de"]
[Date "2006.01.21"]
[Round "6"]
[White "treebeard"]
[Black "Goofy"]
[WhiteElo "1644"]
[BlackElo "2041"]
[PlyCount "81"]
[Result "0-1"]

1.e4 c5 2.Nf3 Nc6 3.d4 cxd4 4.Nxd4 Nf6 5.Nc3 e5 
6.Nxc6 bxc6 7.Bc4 Bb4 8.O-O Bxc3 9.bxc3 d5 10.exd5 
cxd5 11.Bb5+ Bd7 12.c4 O-O 13.Bg5 Be6 14.cxd5 Qxd5 
15.Qxd5 Nxd5 16.Rfe1 f6 17.Bd2 Nb6 18.a4 Rac8 
19.Rac1 Rfd8 20.Ba5 Bc4 21.h3 Rd5 22.Rcb1 Bxb5 
23.Bxb6 axb6 24.axb5 Rxc2 25.g3 Rcc5 26.Rb2 {happy 
new year!}  Rcxb5 {Same to you! ;o))}  27.Reb1 
Rd1+ 28.Rxd1 Rxb2 29.Rd7 b5 30.Rb7 h5 31.Kg2 Kh7 
32.Kf3 b4 33.Ke3 Kg6 34.h4 b3 35.f4 Rb1 36.fxe5 
fxe5 37.Ke4 b2 38.Rb6+ Kh7 39.Kd3 Rd1+ 40.Kc2 b1Q+ 
41.Rxb1 0-1

[Event "HCL-C4025"]
[Site "www.playchess.de"]
[Date "2006.01.21"]
[Round "4"]
[White "cafeman"]
[Black "Saladin"]
[WhiteElo "800"]
[BlackElo "1418"]
[PlyCount "85"]
[Result "1-0"]

1.d4 {Hello and have a great game!}  g6 {Hi, I 
hope w`ll enjoy the game. Sorry about my bad 
English.}  2.e4 d5 3.e5 e6 4.a3 Ne7 5.Nf3 Nbc6 
6.Bb5 b6 7.Bg5 Bb7 8.Nc3 a6 9.Bxc6+ Bxc6 10.O-O h6 
11.Bf6 Rh7 12.Ne2 Bb5 13.a4 Bc4 14.b3 Bxe2 15.Qxe2 
Qd7 16.c3 Nf5 17.b4 Be7 18.Bxe7 Qxe7 19.Rfd1 c6 
20.c4 Qxb4 21.cxd5 cxd5 22.Qd3 g5 23.Rdb1 Qc4 
24.Qxc4 dxc4 25.Rxb6 g4 26.Nd2 Nxd4 27.Nxc4 Kf8 
28.g3 h5 29.Rd1 Ne2+ 30.Kf1 Nc3 31.Ra1 Kg7 32.Nd6 
Kg6 33.Ra3 Nd5 34.Rb7 a5 35.Nc4 Kf5 36.Rb5 Rc8 
37.Nd6+ Kxe5 38.Nxc8 f5 39.Rxa5 Rc7 40.Nb6 Kd6 
41.Nxd5 Rc1+ 42.Kg2 exd5 43.Rd3 1-0

[Event "HCL-B3788"]
[Site "www.playchess.de"]
[Date "2006.01.21"]
[Round "19"]
[White "Akkarin"]
[Black "dg"]
[WhiteElo "1340"]
[BlackElo "1189"]
[PlyCount "95"]
[Result "1-0"]

1.d3 {Hello from Imardin, Kyralia}  e5 {hi there}  
2.Nd2 d5 3.Ngf3 Nc6 4.e4 d4 5.c3 Bg4 6.Be2 Bxf3 
7.Nxf3 Nf6 8.O-O h6 9.Qb3 Rb8 10.Bd2 Bd6 11.a3 O-O 
12.c4 a6 13.Qc2 Bc5 14.b4 Ba7 15.b5 axb5 16.cxb5 
Ne7 17.Nxe5 b6 18.Nc6 Nxc6 19.Qxc6 Qd6 20.Rfc1 
Qxc6 21.Rxc6 Ne8 22.Bb4 Nd6 23.Rxc7 Nxb5 24.Bxf8 
Nxc7 25.Bb4 Re8 26.Rc1 Ne6 27.g3 Ng5 28.f4 Ne6 
29.Bg4 g6 30.Bxe6 fxe6 {(offering draw)}  31.Rc7 
{let me try a bit}  Bb8 32.Rb7 g5 33.fxg5 hxg5 
34.Rxb6 Kh7 35.Rc6 e5 36.Rc2 Kg6 37.a4 Re6 38.Bd2 
Kh5 39.Rc8 Ba7 40.Rg8 Rg6 41.Rxg6 Kxg6 42.h3 Kh5 
43.Kf2 Bc5 44.Ke2 g4 45.h4 Kg6 46.Kd1 Bf8 47.a5 
Bc5 48.Kc2 1-0

[Event "HCL-C4020"]
[Site "www.playchess.de"]
[Date "2006.01.21"]
[Round "12"]
[White "epenz"]
[Black "Mercator"]
[WhiteElo "937"]
[BlackElo "1041"]
[PlyCount "70"]
[Result "0-1"]

1.e4 {hi}  c5 2.Nf3 e6 3.d3 d6 4.Nc3 Nf6 5.Be2 Be7 
6.O-O a6 7.Be3 Nc6 8.a3 O-O 9.b4 cxb4 10.axb4 b5 
11.d4 Bb7 12.e5 dxe5 13.dxe5 Qxd1 14.Raxd1 Ne8 
15.h3 f6 16.Bf4 fxe5 17.Bh2 Nf6 18.Ng5 Nd5 19.Nf3 
Nxc3 20.Rd2 Nxe2+ 21.Kh1 Ncd4 22.Bxe5 Nxf3 23.gxf3 
Rxf3 24.Kh2 Nf4 25.Bxf4 Rxf4 26.Rd7 Raf8 27.Rxb7 
R4xf2+ 28.Rxf2 Rxf2+ 29.Kg3 Rf7 30.Rb6 Bxb4 
31.Rxa6 Bc3 32.Rxe6 b4 33.Kg4 g6 34.h4 h5+ 35.Kg5 
Bd2+ 0-1

[Event "HCL-B3639"]
[Site "www.playchess.de"]
[Date "2006.01.21"]
[Round "19"]
[White "cxstevec"]
[Black "ulibear"]
[WhiteElo "1322"]
[BlackElo "1219"]
[PlyCount "125"]
[Result "1-0"]

1.e4 {Hi, have nice game
}  e6 2.Nf3 d5 3.e5 c5 4.d4 Nc6 5.c3 Qb6 6.b3 cxd4 
7.cxd4 Bb4+ 8.Bd2 Nge7 9.a3 Bxd2+ 10.Qxd2 Qxb3 
11.Be2 Qb6 12.O-O Nf5 13.Nc3 O-O 14.Na4 Qd8 15.Nc5 
f6 16.Rae1 b6 17.Nb3 Bb7 18.Rec1 Rc8 19.h3 fxe5 
20.dxe5 Qe7 21.Nbd4 Nfxd4 22.Nxd4 Nxe5 23.Nf3 
Nxf3+ 24.Bxf3 Rc5 25.Rce1 Ba6 26.Be2 Bxe2 27.Rxe2 
e5 28.Rfe1 e4 29.Qd4 Qf6 30.Qe3 Rc3 31.Qd2 Rd3 
32.Qa2 Qc3 33.R2xe4 Qxa3 {good move}  34.Qxa3 
{tks}  Rxa3 35.Rd4 Ra2 36.f3 Rd8 37.Re7 Kf8 38.Rb7 
Ra5 39.Kf2 Re8 40.Kg3 Re7 41.Rf4+ Ke8 42.Rb8+ Kd7 
43.Rb7+ Ke6 44.Rb8 Rc5 45.Kg4 Rc4 {now or never! 
:-)}  46.Rxc4 dxc4 47.Rc8 Kd6 48.Rxc4 b5 49.Rc2 
Rc7 50.Rb2 Rc4+ 51.Kf5 a6 52.Ra2 Ra4 53.Rb2 Kc5 
54.Ke5 Rd4 55.Rc2+ Rc4 56.Ra2 Ra4 57.Rc2+ Rc4 
58.Ra2 Kb6 59.Kd5 a5 60.Re2 Rc5+ 61.Kd4 b4 62.Re6+ 
Kb7 63.Kxc5 1-0

[Event "HCL-B3778"]
[Site "www.playchess.de"]
[Date "2006.01.21"]
[Round "10"]
[White "Kannsnich"]
[Black "foinaven"]
[WhiteElo "1188"]
[BlackElo "1600"]
[PlyCount "108"]
[Result "1-0"]

1.c4 {merry x-mas}  e5 {You too Sir. Good luck.}  
2.Nc3 Nf6 3.Nf3 Nc6 4.g3 d5 5.cxd5 Nxd5 6.Bg2 Nb6 
7.O-O Be7 8.d3 O-O 9.b3 Be6 10.Bb2 f5 11.Rc1 Qd7 
12.Nb5 Bd5 13.a4 Bxf3 {Made me think hard!}  
14.Bxf3 f4 15.Bxc6 bxc6 16.Nc3 fxg3 17.fxg3 Bc5+ 
{I hope you had a good Christmas and New Year!}  
18.Kg2 Be3 19.Rc2 Rxf1 20.Qxf1 Rf8 21.Qe1 Nd5 
22.Nd1 Qf5 23.Rxc6 Bd2 {mmmm}  24.Qg1 Ne3+ 25.Nxe3 
Bxe3 26.Qe1 Qd7 {Excellent defending :-(}  27.Rc4 
{thanks}  Qd5+ 28.Re4 Rf5 {This is getting 
frustrating!}  29.Bc1 {(offering draw)}  Bf2 {Not 
just yet...}  30.Qc3 c6 31.Qc4 Bd4 32.e3 {hm maybe 
the attack is over}  Bb6 {Yes - I think so. you 
saw all my traps :-(}  33.Bd2 {lol}  Kf7 
{(offering draw) OK - How about the draw or have 
you changed your mind?}  34.a5 {i have one farmer 
more i try to win}  Bd8 35.Qxd5+ cxd5 36.Rb4 Kg6 
37.Rb7 a6 38.Rd7 Bf6 39.Rxd5 Be7 40.h3 h5 41.e4 
Rf6 {Im stuffed ;-(}  42.Rxe5 {i am pleased}  Bd6 
43.Rg5+ Kh6 44.Rf5+ Kg6 45.Rxf6+ Kxf6 46.d4 Ke6 
47.Kf3 g6 48.g4 h4 49.g5 Ba3 50.Kg4 Bb2 51.d5+ Ke5 
52.Kf3 Ba3 53.b4 Kd4 54.d6 Kc4 1-0

[Event "HCL-B3810"]
[Site "www.playchess.de"]
[Date "2006.01.21"]
[Round "1"]
[White "dynamike"]
[Black "farah"]
[WhiteElo "1463"]
[BlackElo "1577"]
[PlyCount "74"]
[Result "0-1"]

1.e4 c5 2.Nf3 d6 3.d4 cxd4 4.Nxd4 Nf6 5.Nc3 a6 
6.h3 Nc6 7.Be3 e6 8.Be2 Be7 9.O-O O-O 10.f4 Qc7 
11.Qd2 b5 12.Bf3 Bb7 13.Rfe1 Rfe8 14.Nxc6 Bxc6 
15.a3 Rad8 16.Rad1 e5 17.Qf2 Qb7 18.Nd5 Nxd5 
19.exd5 Bd7 20.fxe5 Bf5 21.e6 Ref8 22.c3 Rdc8 
23.Bd4 Bf6 24.Bxf6 gxf6 25.Qg3+ Bg6 26.h4 Kh8 
27.h5 Bc2 28.Rd4 fxe6 29.dxe6 Qe7 30.Re2 Bb3 
31.Rxd6 Rfg8 32.Qh2 Rcd8 33.Rxa6 Rd1+ 34.Kf2 Qc5+ 
35.Re3 Rd2+ 36.Be2 Bc4 37.Ke1 Qxe3 0-1

[Event "HCL-B3804"]
[Site "www.playchess.de"]
[Date "2006.01.21"]
[Round "11"]
[White "dynamike"]
[Black "ulibear"]
[WhiteElo "1479"]
[BlackElo "1264"]
[PlyCount "53"]
[Result "1-0"]

1.e4 c5 2.Nf3 Nc6 3.d4 cxd4 4.Nxd4 g6 5.Be3 Bg7 
6.c3 d6 7.Bb5 Bd7 8.Nxc6 bxc6 9.Bc4 Nf6 10.f3 d5 
11.exd5 cxd5 12.Bxd5 Nxd5 13.Qxd5 Bb5 14.Qxb5+ Qd7 
15.Qxd7+ Kxd7 16.O-O e5 17.Rd1+ Ke6 18.Na3 Rhc8 
19.Rd2 Rc6 20.Rad1 Bf8 21.Nc2 Rd6 22.f4 Rxd2 
23.Rxd2 Bd6 24.fxe5 Bxe5 25.Nd4+ Bxd4 26.Rxd4 f5 
27.Kf2 1-0

[Event "HCL-E1504"]
[Site "www.playchess.de"]
[Date "2006.01.21"]
[Round "9"]
[White "hal1958"]
[Black "Paul_D"]
[WhiteElo "1516"]
[BlackElo "1536"]
[PlyCount "81"]
[Result "1-0"]

1.b4 {have a nice game}  e5 {Thanks, and you 
also.}  2.Bb2 Nc6 3.b5 Nd4 4.e3 Ne6 5.Bxe5 d6 
6.Bb2 h5 7.Nf3 Ng5 8.c4 Nh6 9.Be2 Be6 10.O-O Nxf3+ 
11.Bxf3 Bxc4 12.Be2 Bxe2 13.Qxe2 h4 14.h3 Nf5 
15.Qg4 Qd7 16.a4 Rh6 17.e4 Rg6 18.Qxf5 Qe7 {Dang!  
Will see if I can hang in here for now.}  19.d3 
Rg5 20.Qf4 a6 21.Nd2 g6 22.Bf6 Rf5 23.Qxf5 gxf5 
24.Bxe7 Bxe7 25.exf5 Bf6 26.Rac1 Kd8 27.Ne4 Be5 
28.Ng5 Bf4 29.Nxf7+ Kd7 30.Rc4 Rf8 31.Rxf4 Rxf7 
32.Rb1 a5 33.Re1 c5 34.bxc6+ Kxc6 35.Re6 Kd5 
36.Rh6 Ke5 37.Rhxh4 Rf6 38.g3 b6 39.Rh8 d5 40.d4+ 
Kd6 41.Re8 1-0

[Event "HCL-A2505"]
[Site "www.playchess.de"]
[Date "2006.01.21"]
[Round "7"]
[White "taroak"]
[Black "cabe"]
[WhiteElo "1425"]
[BlackElo "1415"]
[PlyCount "46"]
[Result "0-1"]

1.e4 e5 {Hello again! Have a good game...}  2.Nf3 
{Thanks you too}  Nf6 3.Nc3 Bc5 4.d4 exd4 5.Nxd4 
Bb4 6.Bd3 O-O 7.Bd2 Nc6 8.Nde2 b6 9.O-O d6 10.h3 
Re8 11.f4 Bb7 12.g4 Bc5+ 13.Kh2 Nd4 14.Nxd4 Bxd4 
15.Qe1 Bxc3 16.Bxc3 Nxe4 17.Bxe4 Bxe4 18.Qf2 c5 
19.Rae1 d5 20.g5 d4 21.Bd2 Bxc2 22.f5 Qd5 23.Bf4 
Bxf5 0-1